000
00336nam a2200145Ia 4500
003
OSt
005
20240113112605.0
008
170524s9999 xx 000 0 und d
020
_a
9789380578965
040
_c
iimtu
100
_a
PATIL- H. G.
245
0
_a
MACHINE DESIGN DATA HANDBOOK
260
_b
I.K. INTERNATIONAL
942
_2
ddc
_c
02
999
_c
7710
_d
7710